00352nam a2200121Ia 45000010005000000080041000050820023000461000038000692450051001072600027001589010028001859990017002133802241024s9999 xx 000 0 und d a310.801/P831c/2013 aPopulation reference bureau, prb. 0aCuadro de datos de la población mundial 2013 bWashington, EEUUc2013 a11/7/2014 10:50:41 a.m. c11204d11204